000 00346nam a22001337a 4500
999 _c2888
_d2888
008 200318b ||||| |||| 00| 0 eng d
100 _92493
_aSingh, Sadhu
245 1 0 _aTheory of machines /
_cby Sadhu Singh.
250 _a2nd ed.
260 _aNew Delhi:
_bPearson Education,
_c2008.
300 _axviii,628p.
650 0 _aMachinery
942 _cBK